| Tag |
First Indicator |
Second Indicator |
Subfields |
| LEADER |
00000cam a2200000 a 4500 |
| 001 |
in00001007409 |
| 005 |
20150927215209.0 |
| 008 |
900510s1990 enka b 00110 eng |
| 010 |
|
|
|a 90006285
|
| 020 |
|
|
|a 0719023971
|
| 035 |
|
|
|a (OCoLC)21600243
|
| 035 |
|
|
|9 AFD5839AM
|
| 040 |
|
|
|a DLC
|c DLC
|d TXA
|d UtOrBLW
|
| 043 |
|
|
|a e-uk---
|
| 049 |
|
|
|a TXAS [mil]
|
| 050 |
0 |
0 |
|a D810.T8
|b L36 1990
|
| 082 |
0 |
0 |
|a 940.54/59
|2 20
|
| 100 |
1 |
|
|a Lane, Tony,
|d 1937-
|
| 245 |
1 |
4 |
|a The merchant seamen's war /
|c Tony Lane.
|
| 264 |
|
1 |
|a Manchester ;
|a New York :
|b Manchester University Press ;
|c [1990]
|
| 264 |
|
2 |
|a New York, NY, USA :
|b Distributed exclusively in the USA and Canada by St. Martin's Press,
|
| 264 |
|
4 |
|c ©1990
|
| 300 |
|
|
|a viii, 287 pages :
|b illustrations ;
|c 24 cm.
|
| 336 |
|
|
|a text
|b txt
|2 rdacontent
|
| 337 |
|
|
|a unmediated
|b n
|2 rdamedia
|
| 338 |
|
|
|a volume
|b nc
|2 rdacarrier
|
| 504 |
|
|
|a Includes bibliographical references (pages [272]-276) and index.
|
| 650 |
|
0 |
|a Merchant marine
|z Great Britain
|x History
|y 20th century.
|
| 650 |
|
0 |
|a World War, 1939-1945
|x Transportation.
|
| 650 |
|
0 |
|a Naval convoys
|x History
|y 20th century.
|
| 650 |
|
0 |
|a World War, 1939-1945
|x Naval operations.
|
| 650 |
|
0 |
|a Armed merchant ships.
|
| 999 |
|
|
|a MARS
|
| 999 |
f |
f |
|s 7f9b4dbd-7cf4-34db-96fc-d803d26674a9
|i 6e50a6ff-92bb-3412-8aad-848b1a55d9f8
|t 0
|
| 952 |
f |
f |
|p noncirc
|a Texas A&M University
|b College Station
|c Cushing Memorial Library & Archives
|d Cushing: Ragan Military (Does not check out)
|t 0
|e D810.T8 L36 1990
|h Library of Congress classification
|i unmediated -- volume
|m A14852680371
|
| 998 |
f |
f |
|a D810.T8 L36 1990
|t 0
|l Cushing: Ragan Military (Does not check out)
|